000 00515nam a2200205Ia 4500
005 20250923150425.0
008 008 250917s9999 xx 000 0 eng d
037 _aTextual
040 _aDSWL
_beng
_cDSWL
041 _aeng
_2eng
084 _qDSWL
100 _aJaiswal, S
_9845808
245 4 _aThe making of prahmatice hegemony
_cby S Jaiswal
260 _aNew Delhi
_b Tulika Books
_c2018
300 _a244 p.
365 _aINR
_b495
925 _g495
942 _cTEXL
999 _c1463298
_d1463298